MAASAI MARA UNIVERSITY

LIBRARY CATALOGUE

Contact Us: +254 020 2685356/7 or 0774 057787

Box: 861-20500, NAROK, KENYA

Email: info@mmarau.ac.ke

Planning, Implementation,& evaluating health promotion programs: (Record no. 15908)

MARC details
000 -LEADER
fixed length control field 00463nam a22001457a 4500
003 - CONTROL NUMBER IDENTIFIER
control field OSt
005 - DATE AND TIME OF LATEST TRANSACTION
control field 20220113014227.0
008 - FIXED-LENGTH DATA ELEMENTS--GENERAL INFORMATION
fixed length control field 151116b xxu||||| |||| 00| 0 eng d
040 ## - CATALOGING SOURCE
Transcribing agency MMU
Original cataloging agency MMU
Modifying agency MMU
Language of cataloging eng
050 ## - LIBRARY OF CONGRESS CALL NUMBER
Classification number RA427.8.M39 2005
245 ## - TITLE STATEMENT
Title Planning, Implementation,& evaluating health promotion programs:
Remainder of title a primer/
Statement of responsibility, etc. James F. McKenzie.
260 ## - PUBLICATION, DISTRIBUTION, ETC. (IMPRINT)
Place of publication, distribution, etc. Boston:
Name of publisher, distributor, etc. Pearson Benjamin Cummings,
Date of publication, distribution, etc. 2005.
300 ## - PHYSICAL DESCRIPTION
Extent xvi, 464 p. :
942 ## - ADDED ENTRY ELEMENTS (KOHA)
Source of classification or shelving scheme Library of Congress Classification
Koha item type SL
Edition 5th ed.
Holdings
Withdrawn status Lost status Source of classification or shelving scheme Damaged status Not for loan Home library Current library Date acquired Source of acquisition Total Checkouts Full call number Barcode Date last seen Price effective from Koha item type
    Library of Congress Classification     Maasai Mara University Library -Main Campus Maasai Mara University Library -Main Campus 11/16/2015 Donation   RA427.8.M39 2005 201210363 07/21/2016 11/16/2015 SL
© 2016 Maasai Mara University.